Were They Alive During This? - Ronald Reagan - Statistics

General Stats
  • This quiz has been taken 40 times
  • The average score is 16 of 20
Answer Stats
Question Answer % Correct
When the Titanic sank. Yes
100%
When California became a state. No
92%
When the first CD player was invented. Yes
92%
When the Hollywood sign was first made. Yes
92%
When Mount Rushmore was completed. Yes
92%
When Theodore Roosevelt was president. No
83%
When Yellowstone became a national park. No
83%
When the construction on Panama Canal began No
83%
When Mark Zuckerberg launched Facebook. Yes
83%
When the TV show Friends had its series finale. Yes
83%
When Tsar Nicholas II was overthrown. Yes
83%
When the Euro was established. Yes
83%
When Arizona became a state. Yes
83%
During the Arab Spring. No
75%
When Russia annexed Crimea. No
75%
The last time the United States had no debt. No
67%
When the Machu Picchu was discovered. Yes
67%
When Arizona was admitted into the union. Yes
67%
When US 66 dissolved. Yes
67%
When King Charles III (then Prince of Wales) married Camilla. No
42%
No matching quizzes found
Score Distribution
Percent of People with Each Score
Percentile by Number Answered
Your Score History
You have not taken this quiz